Catálogo
 En Linea
Vista normal Vista MARC

Entrada Nombre personal

Número de registros utilizados en: 2

001 - NÚMERO DE CONTROL

  • campo de control: 80392

003 - IDENTIFICADOR DEL NÚMERO DE CONTROL

  • campo de control: DO-SdBNP

005 - FECHA Y HORA DE LA ÚLTIMA TRANSACCIÓN

  • campo de control: 20211029123146.0

008 - DATOS DE LONGITUD FIJA

  • campo de control de longitud fija: 211029|| aca||aabn | a|a d

040 ## - FUENTE DE LA CATALOGACIÓN

  • Centro catalogador/agencia de origen: DO-SdBNP
  • Centro/agencia transcriptor: DO-SdBNP

100 ## - ENCABEZAMIENTO-NOMBRE DE PERSONA

  • Nombre de persona: Ledesma Báez, José

670 ## - FUENTE DE DATOS ENCONTRADOS

  • Cita de la fuente: Work cat.: (DO-SdBNP)50827: Manual de procedimientos de laboratorios clínicos para la realización de pruebas de ITS, VIH y hepatitis /, 2021.

Con tecnología Koha